The Colour of Blood

Bibliografiske detaljer
Hovedforfatter: Moore B. Brian
Summary:Somewhere in an unnamed Eastern bloc country, someone is out to silence Cardinal Bern. Is it the Secret Police, or is it fanatical Catholic activists who believe that Bern, by keeping the peace between Church and State, has finally compromised himself too far? Abducted by sinister, anonymous men. Bern is spirited away to a 'safe house'. Evading his unknown captors, and no longer sure of whom he can trust. Bern realizes that he alone can avert the revolution which threatens to tear his country apart... With a new exclusive essay by John Watshю.
Sprog:engelsk
Udgivet: London, Flamingo, 1994
Fag:
Format: Bog
KOHA link:https://koha.lib.tpu.ru/cgi-bin/koha/opac-detail.pl?biblionumber=208329

MARC

LEADER 00000nam0a2200000 4500
001 208329
005 20231101225446.0
010 |a 0586087370 
035 |a (RuTPU)RU\TPU\book\227434 
090 |a 208329 
100 |a 20120202d1994 m y0engy50 ba 
101 0 |a eng 
102 |a GB 
105 |a y z 000ay 
200 1 |a The Colour of Blood  |f B. Moore 
210 |a London  |c Flamingo  |d 1994 
215 |a 191 p. 
330 |a Somewhere in an unnamed Eastern bloc country, someone is out to silence Cardinal Bern. Is it the Secret Police, or is it fanatical Catholic activists who believe that Bern, by keeping the peace between Church and State, has finally compromised himself too far? Abducted by sinister, anonymous men. Bern is spirited away to a 'safe house'. Evading his unknown captors, and no longer sure of whom he can trust. Bern realizes that he alone can avert the revolution which threatens to tear his country apart... With a new exclusive essay by John Watshю. 
606 1 |a Английский язык  |x Учебные руководства и пособия  |x Хрестоматии, книги для чтения  |2 stltpush  |3 (RuTPU)RU\TPU\subj\29075  |9 52487 
610 1 |a американская литература 
610 1 |a детективы 
610 1 |a криминальные романы 
610 1 |a аутентичные материалы 
686 |a Ш143.21-923.8  |v LBC/SL-A  |2 rubbk 
700 1 |a Moore  |b B.  |g Brian 
801 1 |a RU  |b 63413507  |c 20120202 
801 2 |a RU  |b 63413507  |c 20120210  |g RCR 
942 |c BK